| 000 | 00848nam a2200181 u 4500 | ||
|---|---|---|---|
| 001 | 000500001 | ||
| 003 | AM-YeHGA | ||
| 005 | 20250617134612.0 | ||
| 008 | 060914s1934 aj | |||||||||||||arm|d | ||
| 040 | _aAM-YeHGA | ||
| 041 | 1 | _aarm | |
| 245 | 0 | 0 |
_aՊրոլետարական հեղափոխության տեսությունը : _bԱշխատանքի նյութ տարրական կուսդպրոցների համար / _cԱդրկոմկուսի (Բ) կենտկոմի յեվ Բագկոմի մեթոդբյուրո. |
| 260 |
_aԲագու : _bԿուսհրատ, _c1934. |
||
| 300 |
_a32 էջ ; _c19 սմ. |
||
| 650 | 1 | 4 | _aՊրոլետարական ռևոլուցիայի թեորիան, ստրատեգիան և տակտիկան |
| 710 | 2 | _aԱդրկոմկուսի (Բ) կենտկոմի յեվ Բագկոմիտեի մեթոդ-բյուրո | |
| 090 | _c186345 | ||
| 999 |
_c184890 _d184890 |
||